LEADER 00392nab a2200133 i 4500 001 000000260470 003 CaOOAMICUS 005 20180831164552.0 008 180831n xx uu u0 0und r 013 $a1215 040 $aSeMil$bita 245 10$a[vedi periodico]. 773 0 $t[2004 : October].$dLeiden ; Boston : Brill, copyr. 2004.$w()135802 996 $6245$a[vedi periodico]$9(OLS)http://semarc/title/309439 LEADER 00874nam a2200181 i 4500 001 000000057029 003 CaOOAMICUS 005 19970919000000.0 008 970919n it u000 u ita u 013 $a28201 040 $aSeMil$bita 100 1 $aErmanno : del SS. Sacramento,$c.$0(OLS)http://semarc/name/28925 245 12$aL'unione con Dio secondo S. Maria Maddalena de' Pazzi. Romae :$b[s.n.], 1957. ((Excerpta ex dissertatione ad Lauream. 600 04$aMaria Maddalena : de' Pazzi .$0(OLS)http://semarc/subject/4754 650 4$aTesi di laurea.$0(OLS)http://semarc/subject/1690 850 $aSeMil 852 $aSeMil$W1$xVenegono$y1$m2I V 96$j23183$B23183$CSeMilBibl$Z2$F23185 $81 996 $6245$aL'unione con Dio secondo S. Maria Maddalena de' Pazzi. Romae :$b[s.n.], 1957. ((Excerpta ex dissertatione ad Lauream.$9(OLS)http://semarc/title/88711